000 01029nam a2200289 a 4500
003 MX-MxUPN
005 20241001063844.0
008 991125s1926 mad 000 0 spa u
035 _aUPN01000006935
040 _aMX-MxUPN
_bspa
_cMX-MxUPN
041 0 _aspa
050 1 4 _aLC1021 C5
_bA9.28
100 1 _aAudemars, Mina
_952663
100 1 _aLafendel, L.
_q(Louise),
_d1872-1971
_952664
245 1 3 _aLa casa de los niños
260 _aMadrid :
_bLa Lectura,
_c1926
300 _a65 páginas :
_bretratos
490 0 _aCiencia y educación. Contemporánea;
_v15
650 4 _aEducación preescolar
_91517
650 4 _aNiño, Estudio del
_9221
700 1 _aRodrigo, Mercedes
_951381
_etraducción
710 1 _aMéxico.
_bSecretaría de Educación Pública.
_bBiblioteca Pública
_951349
_epropietario anterior
710 2 _aInstituto Nacional de Pedagogía (México)
_epropietario anterior
_928088
710 2 _aMuseo Pedagógico Nacional (México)
_951335
_epropietario anterior
904 _aAC
_b006935
999 _c6935
_d6935